000 00994cam a2200277 i 4500
001 846548
003 OSt
005 20230619100848.0
008 780223s1978 dcu b f001 0 eng
010 _a 78001915
020 _a0844402621
040 _aDLC
_cDLC
_dDLC
043 _af-ke---
050 0 0 _aZ3587
_b.H68
_aJ731
082 0 0 _a015/.67
_bHOW
100 1 _aHowell, John Bruce,
_d1941-
245 1 0 _aKenya :
_bsubject guide to official publications /
_ccompiled by John Bruce Howell, African Section, General Reference and Bibliography Division, Reader Services Department.
260 _aWashington :
_bLibrary of Congress ; for sale by the Supt. of Docs., U.S. Govt. Print. Off.,
_c1978.
300 _axix, 423 p. ;
_c27 cm.
500 _aIncludes index.
650 0 _aGovernment publications
_zKenya
_xBibliography.
651 0 _aKenya
_xBibliography.
710 2 _aLibrary of Congress.
_bAfrican Section.
906 _a7
_bcbc
_corignew
_d1
_eocip
_f19
_gy-gencatlg
942 _2ddc
_cBK
999 _c1187
_d1187